Le livre commode des adresses de Paris pour 1692 / (Record no. 152246)
[ view plain ]
| 000 -LEADER | |
|---|---|
| campo de control de longitud fija | 00941nam a22002295i 4500 |
| 001 - NÚMERO DE CONTROL | |
| campo de control | 152246 |
| 003 - IDENTIFICADOR DE NÚMERO DE CONTROL | |
| campo de control | ES-MaACL |
| 005 - FECHA Y HORA DE LA ÚLTIMA TRANSACCIÓN | |
| campo de control | 20230906204611.0 |
| 008 - DATOS DE LONGITUD FIJA--INFORMACIÓN GENERAL | |
| campo de control de longitud fija | 051013s1878 fr | |||||||| ||fre d |
| 040 ## - FUENTE DE CATALOGACIÓN | |
| Centro catalogador/agencia de origen | CAM |
| Lengua de catalogación | spa |
| Centro/agencia transcriptor | CAM |
| 100 1# - ENTRADA PRINCIPAL--NOMBRE DE PERSONA | |
| Nombre de persona | Blegny, Nicolas de. |
| 9 (RLIN) | 29467 |
| 245 13 - MENCIÓN DEL TÍTULO | |
| Título | Le livre commode des adresses de Paris pour 1692 / |
| Mención de responsabilidad, etc. | par Abraham du Pradel (Nicolas de Blegny) ; suivi d'appendices, précédé d'une introduction, et annoté par Edouard Fournier. |
| 260 ## - PUBLICACIÓN, DISTRIBUCIÓN, ETC. | |
| Lugar de publicación, distribución, etc. | Paris : |
| Nombre del editor, distribuidor, etc. | Paul Daffis, |
| Fecha de publicación, distribución, etc. | 1878 ( |
| Lugar de fabricación/manufactura | Nogent-le-Rotrou : |
| Fabricante | Imprimerie Gouverneur, G. Daupeley) |
| 300 ## - DESCRIPCIÓN FÍSICA | |
| Extensión | 2 v. (LX, 321; 399 p.) ; |
| Dimensiones | 16 cm. |
| 490 1# - MENCIÓN DE SERIE | |
| Mención de serie | Bibliotheque elzevirienne ; |
| Designación de volumen o secuencia | 164-165 |
| 598 ## - NOTA LOCAL | |
| Nota local | La serie consta en el lomo. |
| 651 #4 - PUNTO DE ACCESO ADICIONAL DE MATERIA--NOMBRE GEOGRÁFICO | |
| Nombre geográfico | París- |
| Subdivisión general | Directorios- |
| Subdivisión cronológica | S.XVII. |
| 9 (RLIN) | 154547 |
| 700 0# - ENTRADA AGREGADA--NOMBRE PERSONAL | |
| Nombre de persona | Fournier, Edouard. |
| 9 (RLIN) | 51978 |
| 830 0# - PUNTO DE ACCESO ADICIONAL DE SERIE-TÍTULO UNIFORME | |
| Título uniforme | Bibliotheque elzevirienne ; |
| Designación de volumen o secuencia | 164-165 |
| 9 (RLIN) | 180979 |
| 852 ## - LOCALIZACIÓN | |
| Ubicación | ES-MaACL |
| Número de control de estantería | G-2260-61 |
| Nota libre | -- Enc. tela |
| Estatus retirado | Estado de pérdida | Estado de daño | No para préstamo | Colección | Biblioteca de origen | Biblioteca actual | Ubicación en estantería | Fecha de adquisición | Total de préstamos | Signatura topográfica completa | Código de barras | Visto por última vez | Precio de reemplazo | Tipo de ítem Koha |
|---|---|---|---|---|---|---|---|---|---|---|---|---|---|---|
| Libros del s. XIX | Biblioteca del Ateneo de Madrid | Biblioteca del Ateneo de Madrid | Depósito 2 | 17/01/2008 | G-2260-61 | 1158949 | 23/02/2023 | 23/02/2023 | Libro impreso antiguo |
